| 000 | 006160000a22001810004500 | ||
|---|---|---|---|
| 999 |
_c54158 _d54158 |
||
| 001 | 768714001 | ||
| 003 | CO-MdFUSB | ||
| 005 | 20170814103841.0 | ||
| 008 | 170814s2001 xxu||||| |||| 00| 0 eng d | ||
| 022 | _a0098-9444 | ||
| 040 |
_aCO-MdFUSB _bspa _cCO-MdFUSB _dCO-MdFUSB |
||
| 041 | _aeng | ||
| 245 | 1 | 0 |
_aRuminations on scholarly animosity : _b it's one thing our field has no shortage of |
| 300 |
_aVolumen 27. Número 1 (2001), Páginas 6; 68 _c28 cm. |
||
| 546 | _aTexto en inglés | ||
| 773 | 0 |
_tBiblical Archaeology Review _049395 _959470 _gVolumen 27. Número 1 (2001), Páginas 6; 68 _qPágina 6 |
|
| 942 | _cANA | ||